| 000 | 00578nam a2200205Ia 4500 | ||
|---|---|---|---|
| 008 | 131103s9999 xx 000 0 und d | ||
| 020 |
_a8176565547 _cRs.198 |
||
| 040 | _aLoreto College | ||
| 041 | _aEnglish | ||
| 082 |
_a005.13(C)/KAN _bLCLIB/46702 |
||
| 100 | _aKanetkar, Yashavant P. | ||
| 245 |
_aTest your C++ skills _cYashavant P. Kanetkar |
||
| 260 |
_aNew Delhi _bBPB Pub _c2002 |
||
| 300 |
_ax,389p. _c 22cm |
||
| 504 | _aIncludes index | ||
| 650 | _aC++ Programming Language | ||
| 651 | _aProgramming Languages | ||
| 850 | _aLCLIB/005.13(C)/KAN | ||
| 942 | _cBK | ||
| 999 |
_c20254 _d70733 |
||